[Event "Gatineau TORO U1900"]
[Site "Gatineau CAN"]
[Date "2013.06.09"]
[Round "4"]
[White "Diaz, Carol P"]
[Black "Tomalty, Alan"]
[Result "1/2-1/2"]
[WhiteElo "1757"]
[BlackElo "1691"]
[PlyCount "168"]
[GameId "2160767909347687"]
[EventDate "2013.06.07"]
[EventType "swiss"]
[EventRounds "5"]
[EventCountry "CAN"]
[SourceTitle "EXT 2022"]
[Source "ChessBase"]
[SourceDate "2021.10.06"]
[SourceVersion "1"]
[SourceVersionDate "2021.10.06"]
[SourceQuality "1"]

1. c4 e5 2. Nc3 Nf6 3. g3 Nc6 4. Bg2 Bc5 5. Nf3 d6 6. O-O a6 7. a3 O-O 8. b4 Ba7 9. d3 Re8 10. Bg5 h6 11. Bh4 g5 12. Nxg5 hxg5 13. Bxg5 Bf5 14. Nd5 Re6 15. e4 Bg4 16. Nxf6+ Qxf6 17. Qxg4 Qg7 18. Qh5 Rg6 19. Be3 Re8 20. Bxa7 Nxa7 21. Rab1 Rh6 22. Qf5 Ree6 23. b5 axb5 24. cxb5 Nc8 25. Rfc1 Rhf6 26. Qh5 Rh6 27. Qf3 Rhf6 28. Qe2 Re7 29. Rc4 Nb6 30. Rc2 Na4 31. Qe3 Nc5 32. b6 c6 33. Ra2 Qg4 34. a4 Qe6 35. Ra3 Rg6 36. a5 Na6 37. Bf1 Nc5 38. f3 f5 39. exf5 Qxf5 40. Rd1 Rf7 41. Bg2 Re6 42. d4 exd4 43. Qxd4 Kf8 44. Rf1 Qh7 45. Qg4 Rfe7 46. Bh3 Qh6 47. Qh4 Qxh4 48. gxh4 Rh6 49. Bc8 Na6 50. Ra4 Rh8 51. Re4 Nc5 52. Rxe7 Kxe7 53. Bxb7 Nxb7 54. a6 Nc5 55. a7 Nb7 56. Ra1 Ra8 57. h5 Kf6 58. f4 d5 59. Kf2 c5 60. Ke3 Kf5 61. Kd3 Nd6 62. Ra5 Nb7 63. Ra1 Nd6 64. Rg1 c4+ 65. Kd4 Nb5+ 66. Kxd5 c3 67. Kc4 Nxa7 68. bxa7 Rxa7 69. Kxc3 Kxf4 70. Kd4 Rh7 71. Rg2 Rxh5 72. Rf2+ Kg4 73. Ke4 Kg5 74. Rg2+ Kf6 75. Kf4 Rf5+ 76. Kg3 Rg5+ 77. Kf2 Rxg2+ 78. Kxg2 Kg5 79. Kg3 Kh5 80. h4 Kh6 81. Kg4 Kg6 82. h5+ Kh6 83. Kh4 Kh7 84. Kg5 Kg7 1/2-1/2

[Event "Gatineau TORO U1900"]
[Site "Gatineau CAN"]
[Date "2013.06.09"]
[Round "4"]
[White "Duplessis, Jean-Roch"]
[Black "Scantland, Patrick"]
[Result "1-0"]
[WhiteElo "1700"]
[BlackElo "1863"]
[PlyCount "53"]
[GameId "2160767909347688"]
[EventDate "2013.06.07"]
[EventType "swiss"]
[EventRounds "5"]
[EventCountry "CAN"]
[SourceTitle "EXT 2022"]
[Source "ChessBase"]
[SourceDate "2021.10.06"]
[SourceVersion "1"]
[SourceVersionDate "2021.10.06"]
[SourceQuality "1"]

1. e4 c5 2. Nf3 d6 3. Bb5+ Bd7 4. Bxd7+ Qxd7 5. O-O Nc6 6. d4 cxd4 7. Nxd4 e6 8. Nc3 g6 9. Be3 Bg7 10. Ndb5 Bf8 11. a4 a6 12. Na3 Nf6 13. Nc4 Rb8 14. Nb6 Qc7 15. a5 Be7 16. f4 O-O 17. f5 Ne5 18. Bg5 Nc4 19. Nxc4 Qxc4 20. Qd3 Rbc8 21. Qh3 Rc7 22. Ra4 Qc5+ 23. Be3 Qc6 24. Bb6 Rd7 25. fxe6 fxe6 26. Qxe6+ Kg7 27. Rc4 1-0

[Event "Gatineau TORO U1900"]
[Site "Gatineau CAN"]
[Date "2013.06.09"]
[Round "4"]
[White "Georgiev, Anton"]
[Black "Douyere, Nicolas"]
[Result "0-1"]
[WhiteElo "1753"]
[BlackElo "1709"]
[PlyCount "133"]
[GameId "2160767909347689"]
[EventDate "2013.06.07"]
[EventType "swiss"]
[EventRounds "5"]
[EventCountry "CAN"]
[SourceTitle "EXT 2022"]
[Source "ChessBase"]
[SourceDate "2021.10.06"]
[SourceVersion "1"]
[SourceVersionDate "2021.10.06"]
[SourceQuality "1"]

1. d4 Nf6 2. c4 e6 3. Nc3 d5 4. e3 Bb4 5. Bd2 Nc6 6. Bd3 O-O 7. Nf3 b6 8. O-O Bb7 9. cxd5 Nxd5 10. a3 Nxc3 11. bxc3 Be7 12. Qc2 g6 13. e4 Bf6 14. Bh6 Bg7 15. Qd2 Ne7 16. Rab1 Rc8 17. Be3 Kh8 18. Rb5 c5 19. Rb2 cxd4 20. cxd4 Nc6 21. Bb1 Ba6 22. Rc1 Qe7 23. Rbc2 Qd7 24. Ba2 Ne7 25. Bf4 Rxc2 26. Rxc2 Rc8 27. Rxc8+ Nxc8 28. Ne5 Qb5 29. h3 Kg8 30. Qc2 Qe8 31. Qc7 Qe7 32. Qc3 Bb7 33. a4 Nd6 34. f3 h5 35. Kh2 Bf6 36. Bc1 Qd8 37. Ba3 Ne8 38. Bb4 Qc7 39. Qxc7 Nxc7 40. Bd6 Ne8 41. Bb8 a6 42. Ba7 Bd8 43. Nc4 Bc7+ 44. Kg1 b5 45. axb5 axb5 46. Nd2 Bf4 47. Nb3 Nd6 48. Kf2 Nc4 49. Bc5 h4 50. Bb4 g5 51. Bc3 Kf8 52. Nc5 Bc8 53. Bb1 Ke7 54. Nd3 Bd2 55. Bxd2 Nxd2 56. Ba2 Kd6 57. Ne5 f6 58. Ng4 b4 59. Ke2 b3 60. Bxb3 Nxb3 61. Nxf6 Nxd4+ 62. Kd3 e5 63. Nh7 Ne6 64. Nf6 Ba6+ 65. Ke3 Nf4 66. Kf2 Ke6 67. Ng4 0-1

[Event "Gatineau TORO U1900"]
[Site "Gatineau CAN"]
[Date "2013.06.09"]
[Round "4"]
[White "Jobin, Gilles G"]
[Black "Vlasenko, Konstantin"]
[Result "1-0"]
[WhiteElo "1775"]
[BlackElo "1647"]
[PlyCount "129"]
[GameId "2160767909347690"]
[EventDate "2013.06.07"]
[EventType "swiss"]
[EventRounds "5"]
[EventCountry "CAN"]
[SourceTitle "EXT 2022"]
[Source "ChessBase"]
[SourceDate "2021.10.06"]
[SourceVersion "1"]
[SourceVersionDate "2021.10.06"]
[SourceQuality "1"]

1. Nf3 Nf6 2. g3 e6 3. Bg2 c5 4. d3 Nc6 5. O-O d6 6. e4 Be7 7. Re1 O-O 8. Nbd2 b5 9. e5 Ng4 10. h3 Nh6 11. exd6 Bxd6 12. Ne5 Nxe5 13. Bxa8 Qb6 14. Bg2 c4 15. Ne4 Nf5 16. Nxd6 Qxd6 17. Bf4 f6 18. dxc4 Qc5 19. Be3 Nxe3 20. Rxe3 Nxc4 21. Re1 Nxb2 22. Qd2 Nc4 23. Qe2 Nd6 24. Rad1 Nf5 25. Kh2 Kh8 26. Rd2 Qb6 27. Red1 h6 28. Be4 Ne7 29. Qe3 Qc7 30. Qa3 f5 31. Bg2 Kh7 32. Qd6 Qxd6 33. Rxd6 Rf6 34. Rd8 Kg6 35. f4 Kf7 36. Rb1 a6 37. a4 e5 38. fxe5 Rb6 39. Rd6 Rb8 40. axb5 axb5 41. Bd5+ Nxd5 42. Rxd5 Ba6 43. Rd6 Bc8 44. Ra1 Rb7 45. Rc6 Bd7 46. Rc5 Be6 47. Ra6 Re7 48. Rd6 Rb7 49. Rcc6 Re7 50. Kg1 Bc4 51. Rc5 Rb7 52. Rdc6 Be6 53. Rc7+ Rxc7 54. Rxc7+ Kf8 55. Rb7 Bc4 56. h4 g5 57. Kf2 Kg8 58. Rb6 gxh4 59. gxh4 h5 60. Kg3 Kf7 61. Kf4 Be6 62. Rxb5 Ke7 63. Rb7+ Bd7 64. c4 Ke6 65. Rxd7 1-0

[Event "Gatineau TORO U1900"]
[Site "Gatineau CAN"]
[Date "2013.06.09"]
[Round "4"]
[White "Jureidini, Gabriel"]
[Black "Villeneuve, Luc"]
[Result "0-1"]
[WhiteElo "1752"]
[BlackElo "1671"]
[PlyCount "64"]
[GameId "2160767909347691"]
[EventDate "2013.06.07"]
[EventType "swiss"]
[EventRounds "5"]
[EventCountry "CAN"]
[SourceTitle "EXT 2022"]
[Source "ChessBase"]
[SourceDate "2021.10.06"]
[SourceVersion "1"]
[SourceVersionDate "2021.10.06"]
[SourceQuality "1"]

1. e4 g6 2. d4 Bg7 3. Nc3 c6 4. Bc4 d6 5. a4 a5 6. Nf3 Nf6 7. Bb3 O-O 8. O-O e6 9. Bg5 h6 10. Bh4 g5 11. Bg3 d5 12. exd5 exd5 13. Ne5 Bf5 14. Nd3 Be4 15. Nxe4 Nxe4 16. Ne5 f5 17. Ng6 Rf6 18. Bxb8 Rxb8 19. Ne5 Qd6 20. h3 Rff8 21. c4 Rfd8 22. Qd3 Bxe5 23. dxe5 Qxe5 24. cxd5 Kg7 25. Qe2 Qc7 26. dxc6 Qxc6 27. Rac1 Qb6 28. Qc2 Rdc8 29. Qd3 Rxc1 30. Rxc1 Qxf2+ 31. Kh2 Qf4+ 32. g3 Qf2+ 0-1

[Event "Gatineau TORO U1900"]
[Site "Gatineau CAN"]
[Date "2013.06.09"]
[Round "4"]
[White "Lecorre, Joel"]
[Black "Lavergne, Daniel"]
[Result "0-1"]
[WhiteElo "1523"]
[BlackElo "1833"]
[PlyCount "42"]
[GameId "2160767909347692"]
[EventDate "2013.06.07"]
[EventType "swiss"]
[EventRounds "5"]
[EventCountry "CAN"]
[SourceTitle "EXT 2022"]
[Source "ChessBase"]
[SourceDate "2021.10.06"]
[SourceVersion "1"]
[SourceVersionDate "2021.10.06"]
[SourceQuality "1"]

1. g3 d5 2. Bg2 c6 3. Nf3 Nd7 4. d3 e5 5. Nbd2 Ngf6 6. c3 Bd6 7. O-O O-O 8. Qc2 b6 9. e4 Bb7 10. Re1 a5 11. d4 Re8 12. a3 exd4 13. Nxd4 Nxe4 14. Nxe4 dxe4 15. Bxe4 c5 16. Bxh7+ Kh8 17. Ne2 Ne5 18. Be4 Nf3+ 19. Bxf3 Bxf3 20. Be3 Qf6 21. h3 Be4 0-1

[Event "Gatineau TORO U1900"]
[Site "Gatineau CAN"]
[Date "2013.06.09"]
[Round "4"]
[White "Morel, Joseph"]
[Black "Germain, Benoit"]
[Result "1-0"]
[WhiteElo "1717"]
[BlackElo "1687"]
[PlyCount "49"]
[GameId "2160767909347693"]
[EventDate "2013.06.07"]
[EventType "swiss"]
[EventRounds "5"]
[EventCountry "CAN"]
[SourceTitle "EXT 2022"]
[Source "ChessBase"]
[SourceDate "2021.10.06"]
[SourceVersion "1"]
[SourceVersionDate "2021.10.06"]
[SourceQuality "1"]

1. d4 Nf6 2. c4 e6 3. Nf3 d5 4. e3 Be7 5. Nc3 O-O 6. cxd5 exd5 7. Bd3 c6 8. O-O Bg4 9. h3 Bh5 10. Be2 Nbd7 11. Bd2 Bd6 12. g4 Bg6 13. Nh4 Ne4 14. Nxg6 hxg6 15. Nxe4 dxe4 16. Qb3 Qb6 17. Qc2 Rae8 18. f3 exf3 19. Rxf3 Nf6 20. Raf1 Ne4 21. Rxf7 Rxf7 22. Bc4 Nf6 23. Rxf6 gxf6 24. Qxg6+ Kh8 25. Bxf7 1-0

[Event "Gatineau TORO U1900"]
[Site "Gatineau CAN"]
[Date "2013.06.09"]
[Round "4"]
[White "Piche, Guy"]
[Black "Lukezich, John"]
[Result "1-0"]
[WhiteElo "1750"]
[BlackElo "1508"]
[PlyCount "45"]
[GameId "2160767909347694"]
[EventDate "2013.06.07"]
[EventType "swiss"]
[EventRounds "5"]
[EventCountry "CAN"]
[SourceTitle "EXT 2022"]
[Source "ChessBase"]
[SourceDate "2021.10.06"]
[SourceVersion "1"]
[SourceVersionDate "2021.10.06"]
[SourceQuality "1"]

1. f4 Nf6 2. b3 d5 3. Nf3 e6 4. e3 c5 5. Bb2 Nc6 6. Bb5 a6 7. Bxc6+ bxc6 8. Ne5 Qc7 9. O-O Be7 10. d3 g6 11. Nd2 Qb6 12. Ng4 Nxg4 13. Qxg4 Rg8 14. Qh3 h5 15. Kh1 Bd7 16. Nf3 f6 17. Qh4 O-O-O 18. Bxf6 Bxf6 19. Qxf6 Rdf8 20. Qe7 Re8 21. Qd6 Rd8 22. Ne5 Be8 23. Qxe6+ 1-0

[Event "Gatineau TORO U1900"]
[Site "Gatineau CAN"]
[Date "2013.06.09"]
[Round "4"]
[White "Potvin, Daniel"]
[Black "Legault, Stephane"]
[Result "0-1"]
[WhiteElo "1618"]
[BlackElo "1502"]
[PlyCount "54"]
[GameId "2160767909347696"]
[EventDate "2013.06.07"]
[EventType "swiss"]
[EventRounds "5"]
[EventCountry "CAN"]
[SourceTitle "EXT 2022"]
[Source "ChessBase"]
[SourceDate "2021.10.06"]
[SourceVersion "1"]
[SourceVersionDate "2021.10.06"]
[SourceQuality "1"]

1. b3 d5 2. Nf3 Nc6 3. Bb2 Bf5 4. e3 e6 5. Bb5 a6 6. Bxc6+ bxc6 7. Nd4 Qg5 8. Nxf5 exf5 9. O-O Bd6 10. f4 Qg6 11. Rf3 Nh6 12. Qe1 Ng4 13. Rg3 h5 14. h3 Kd7 15. d3 Rae8 16. Nd2 Bxf4 17. Rxg4 hxg4 18. e4 gxh3 19. Qf2 Bxd2 20. Qxd2 h2+ 21. Kh1 fxe4 22. dxe4 Rxe4 23. c3 Rh5 24. Re1 Rxe1+ 25. Qxe1 Qe4 26. Qd1 Rg5 27. Qf1 f6 0-1

[Event "Gatineau TORO U1900"]
[Site "Gatineau CAN"]
[Date "2013.06.09"]
[Round "4"]
[White "Sonn, Eric"]
[Black "Arsenault, Yves"]
[Result "0-1"]
[WhiteElo "1499"]
[BlackElo "1543"]
[PlyCount "82"]
[GameId "2160767909347697"]
[EventDate "2013.06.07"]
[EventType "swiss"]
[EventRounds "5"]
[EventCountry "CAN"]
[SourceTitle "EXT 2022"]
[Source "ChessBase"]
[SourceDate "2021.10.06"]
[SourceVersion "1"]
[SourceVersionDate "2021.10.06"]
[SourceQuality "1"]

1. e4 c5 2. Nf3 Nc6 3. d4 cxd4 4. Nxd4 Nf6 5. Nc3 e5 6. Ndb5 d6 7. Bg5 a6 8. Na3 Be7 9. Bxf6 Bxf6 10. Nd5 O-O 11. Be2 Bg5 12. g3 Ne7 13. c4 Nxd5 14. Qxd5 Qb6 15. Qd3 Qxb2 16. O-O Qb6 17. Rfd1 Be7 18. Nc2 f5 19. Qd5+ Kh8 20. Rab1 Qc7 21. exf5 Bxf5 22. Rxb7 Qd8 23. Ne3 Bg6 24. Qc6 Be8 25. Qc7 Qxc7 26. Rxc7 Bd8 27. Rb7 Bc6 28. Rb3 Ba4 29. Rxd6 Bxb3 30. axb3 a5 31. Nd5 a4 32. b4 a3 33. Nc3 a2 34. Nxa2 Rxa2 35. Kf1 Be7 36. Rb6 Rb2 37. c5 g6 38. Re6 Rf7 39. Rb6 Bg5 40. b5 Be3 41. Rb8+ Kg7 0-1

[Event "Gatineau TORO U1900"]
[Site "Gatineau CAN"]
[Date "2013.06.09"]
[Round "5"]
[White "Arsenault, Yves"]
[Black "Diaz, Carol P"]
[Result "0-1"]
[WhiteElo "1543"]
[BlackElo "1757"]
[PlyCount "120"]
[GameId "2160767909347699"]
[EventDate "2013.06.07"]
[EventType "swiss"]
[EventRounds "5"]
[EventCountry "CAN"]
[SourceTitle "EXT 2022"]
[Source "ChessBase"]
[SourceDate "2021.10.06"]
[SourceVersion "1"]
[SourceVersionDate "2021.10.06"]
[SourceQuality "1"]

1. e4 g6 2. d4 Bg7 3. Nf3 d6 4. Bc4 Nf6 5. Nc3 O-O 6. O-O c5 7. d5 Nbd7 8. Re1 a6 9. a3 b5 10. Bd3 Qb6 11. b4 Ng4 12. Qd2 cxb4 13. axb4 Nxf2 14. Kf1 Nxd3 15. Qxd3 Ne5 16. Nxe5 Bxe5 17. Be3 Qb7 18. Kg1 Bd7 19. Rac1 f5 20. exf5 Bxf5 21. Qd2 Bxc3 22. Qxc3 Qxd5 23. Bh6 Rf7 24. Qc7 Qd4+ 25. Kh1 e6 26. Qc6 Rb8 27. Qxa6 Qxb4 28. c3 Qc5 29. Be3 Qc7 30. c4 b4 31. c5 dxc5 32. Bxc5 Qb7 33. Qxb7 Rfxb7 34. Bd6 Rd8 35. Be5 b3 36. Re2 Kf7 37. Bb2 Rd3 38. h3 h5 39. Rf2 Rbd7 40. Kh2 Rd2 41. Rcf1 Rxf2 42. Rxf2 Kg8 43. Kg3 g5 44. Re2 Kf7 45. Re3 Rd3 46. Rxd3 Bxd3 47. Kf3 Kg6 48. g4 hxg4+ 49. hxg4 Bc4 50. Kg3 Kf7 51. Kf3 Ke7 52. Be5 Kd7 53. Ke3 Kc6 54. Ke4 Be2 55. Bb2 Bxg4 56. Ke5 Bf5 57. Bc1 g4 58. Kf4 Kd5 59. Bb2 Kc4 60. Kg3 Kd3 0-1

[Event "Gatineau TORO U1900"]
[Site "Gatineau CAN"]
[Date "2013.06.09"]
[Round "5"]
[White "Choiniere, Rene"]
[Black "Potvin, Daniel"]
[Result "1-0"]
[WhiteElo "1592"]
[BlackElo "1618"]
[PlyCount "71"]
[GameId "2160767909347700"]
[EventDate "2013.06.07"]
[EventType "swiss"]
[EventRounds "5"]
[EventCountry "CAN"]
[SourceTitle "EXT 2022"]
[Source "ChessBase"]
[SourceDate "2021.10.06"]
[SourceVersion "1"]
[SourceVersionDate "2021.10.06"]
[SourceQuality "1"]

1. e4 b6 2. d4 Bb7 3. Nc3 e6 4. Nf3 Bb4 5. Bd2 Bxc3 6. Bxc3 Bxe4 7. Bd3 Bxd3 8. Qxd3 Ne7 9. d5 O-O 10. O-O-O Nxd5 11. Bd2 Qf6 12. c4 Nf4 13. Qe4 d5 14. Qxf4 Qxf4 15. Bxf4 c6 16. cxd5 cxd5 17. Kb1 Nd7 18. b4 Rfc8 19. Rc1 f6 20. Rxc8+ Rxc8 21. Rc1 Rxc1+ 22. Bxc1 e5 23. Ne1 Kf7 24. f3 Ke6 25. Kc2 Nb8 26. Kd3 Nc6 27. Nc2 f5 28. Bb2 g6 29. a3 e4+ 30. fxe4 b5 31. exf5+ gxf5 32. Nd4+ Nxd4 33. Bxd4 a6 34. g3 Kd6 35. Bg7 Ke6 36. Kd4 1-0

[Event "Gatineau TORO U1900"]
[Site "Gatineau CAN"]
[Date "2013.06.09"]
[Round "5"]
[White "Danilov, Alex"]
[Black "Germain, Benoit"]
[Result "1-0"]
[WhiteElo "1693"]
[BlackElo "1687"]
[PlyCount "59"]
[GameId "2160767909347701"]
[EventDate "2013.06.07"]
[EventType "swiss"]
[EventRounds "5"]
[EventCountry "CAN"]
[SourceTitle "EXT 2022"]
[Source "ChessBase"]
[SourceDate "2021.10.06"]
[SourceVersion "1"]
[SourceVersionDate "2021.10.06"]
[SourceQuality "1"]

1. c4 c6 2. Nf3 Nf6 3. g3 d5 4. b3 g6 5. Bg2 Bg7 6. Bb2 O-O 7. O-O h6 8. d3 g5 9. Qc2 Bf5 10. Nbd2 Nbd7 11. Nd4 Bg6 12. e4 e5 13. Nf5 Bxf5 14. exf5 d4 15. Ne4 Nxe4 16. Bxe4 Nf6 17. Qe2 Nxe4 18. Qxe4 Re8 19. Rfe1 Qb6 20. h4 Bf6 21. Qg4 Qb4 22. Rad1 Kh7 23. Qh5 Kg7 24. Kg2 a5 25. Bc1 Qe7 26. Rh1 e4 27. hxg5 Bxg5 28. Qg4 Kf8 29. Rxh6 Bxh6 30. Bxh6# 1-0

[Event "Gatineau TORO U1900"]
[Site "Gatineau CAN"]
[Date "2013.06.09"]
[Round "5"]
[White "Douyere, Nicolas"]
[Black "Morel, Joseph"]
[Result "1-0"]
[WhiteElo "1709"]
[BlackElo "1717"]
[PlyCount "37"]
[GameId "2160767909347702"]
[EventDate "2013.06.07"]
[EventType "swiss"]
[EventRounds "5"]
[EventCountry "CAN"]
[SourceTitle "EXT 2022"]
[Source "ChessBase"]
[SourceDate "2021.10.06"]
[SourceVersion "1"]
[SourceVersionDate "2021.10.06"]
[SourceQuality "1"]

1. e4 d6 2. d4 Nf6 3. Nc3 g6 4. Nf3 Bg7 5. Bc4 O-O 6. O-O c6 7. e5 dxe5 8. dxe5 Ng4 9. Bf4 Qa5 10. Re1 Qb6 11. Qd2 Rd8 12. Na4 Qc7 13. e6 Rxd2 14. exf7+ Kf8 15. Ng5 Nf6 16. Bxc7 b5 17. Ba5 Rd4 18. Bb4 Nd5 19. Bxd5 1-0

[Event "Gatineau TORO U1900"]
[Site "Gatineau CAN"]
[Date "2013.06.09"]
[Round "5"]
[White "Labrecque, Rejean"]
[Black "Jobin, Gilles G"]
[Result "0-1"]
[WhiteElo "1684"]
[BlackElo "1775"]
[PlyCount "76"]
[GameId "2160767909347703"]
[EventDate "2013.06.07"]
[EventType "swiss"]
[EventRounds "5"]
[EventCountry "CAN"]
[SourceTitle "EXT 2022"]
[Source "ChessBase"]
[SourceDate "2021.10.06"]
[SourceVersion "1"]
[SourceVersionDate "2021.10.06"]
[SourceQuality "1"]

1. d4 Nf6 2. c4 d6 3. Nc3 g6 4. e4 Bg7 5. h3 O-O 6. f4 Nbd7 7. Nf3 b6 8. Bd3 Bb7 9. O-O e5 10. fxe5 dxe5 11. dxe5 Nxe5 12. Nxe5 Qd4+ 13. Kh1 Qxe5 14. Bf4 Qc5 15. Qc2 Nh5 16. Bh2 Be5 17. Ne2 Bxh2 18. Kxh2 Qe5+ 19. Kh1 Rfe8 20. Rf3 Bxe4 21. Bxe4 Qxe4 22. Qxe4 Rxe4 23. Nc3 Rxc4 24. g4 Rf4 25. Kg2 Rxf3 26. Kxf3 Ng7 27. Nd5 Ne6 28. Rc1 c5 29. h4 Nd4+ 30. Ke4 Re8+ 31. Kd3 Kg7 32. b4 Rd8 33. Kc4 b5+ 34. Kxc5 Rc8+ 35. Kxd4 Rxc1 36. Nc3 a6 37. a4 Rxc3 38. Kxc3 bxa4 0-1

[Event "Gatineau TORO U1900"]
[Site "Gatineau CAN"]
[Date "2013.06.09"]
[Round "5"]
[White "Lavergne, Daniel"]
[Black "Piche, Guy"]
[Result "0-1"]
[WhiteElo "1833"]
[BlackElo "1750"]
[PlyCount "36"]
[GameId "2160767909347704"]
[EventDate "2013.06.07"]
[EventType "swiss"]
[EventRounds "5"]
[EventCountry "CAN"]
[SourceTitle "EXT 2022"]
[Source "ChessBase"]
[SourceDate "2021.10.06"]
[SourceVersion "1"]
[SourceVersionDate "2021.10.06"]
[SourceQuality "1"]

1. e4 e5 2. Nf3 d6 3. d4 Nf6 4. Nc3 Nbd7 5. Bc4 Be7 6. g4 Nxg4 7. Rg1 Nb6 8. Bb3 Bh4 9. Nxh4 Qxh4 10. Qf3 O-O 11. h3 exd4 12. Nb5 Ne5 13. Qg2 g6 14. Nxd4 c5 15. Nf5 Bxf5 16. exf5 c4 17. Bg5 Qh5 18. f6 Nf3+ 0-1

[Event "Gatineau TORO U1900"]
[Site "Gatineau CAN"]
[Date "2013.06.09"]
[Round "5"]
[White "Lecorre, Joel"]
[Black "Plante, Marc-Eric"]
[Result "0-1"]
[WhiteElo "1523"]
[BlackElo "1669"]
[PlyCount "88"]
[GameId "2160767909347705"]
[EventDate "2013.06.07"]
[EventType "swiss"]
[EventRounds "5"]
[EventCountry "CAN"]
[SourceTitle "EXT 2022"]
[Source "ChessBase"]
[SourceDate "2021.10.06"]
[SourceVersion "1"]
[SourceVersionDate "2021.10.06"]
[SourceQuality "1"]

1. g3 Nf6 2. Bg2 e6 3. d3 d5 4. Nf3 Be7 5. O-O O-O 6. c3 c5 7. Nbd2 Nc6 8. Re1 b6 9. e4 dxe4 10. Nxe4 Nxe4 11. Rxe4 Ba6 12. Re3 Rc8 13. c4 Bxc4 14. b3 Ba6 15. Bb2 Bf6 16. Bxf6 Qxf6 17. Rc1 Rfd8 18. a3 Ne7 19. Ne5 Nf5 20. Re1 Nd4 21. Be4 Qe7 22. f4 Bb7 23. Nf3 Bxe4 24. Rxe4 Qb7 25. Nxd4 Rxd4 26. Qc2 Qd7 27. Rd1 Rd8 28. Re3 Qd5 29. Kf2 Qf5 30. Kg2 Qg6 31. Kf2 R8d5 32. Rd2 Qf6 33. Kg2 Qg6 34. Kf3 Qh5+ 35. Kg2 Qg4 36. h3 Qg6 37. Kh2 Rh5 38. Rg2 Qg4 39. h4 Rhd5 40. Rf2 Qf5 41. Rff3 Qf6 42. Qe2 b5 43. Re5 Qd8 44. Ree3 c4 0-1

[Event "Gatineau TORO U1900"]
[Site "Gatineau CAN"]
[Date "2013.06.09"]
[Round "5"]
[White "Legault, Stephane"]
[Black "Georgiev, Anton"]
[Result "1-0"]
[WhiteElo "1502"]
[BlackElo "1753"]
[PlyCount "57"]
[GameId "2160767909347706"]
[EventDate "2013.06.07"]
[EventType "swiss"]
[EventRounds "5"]
[EventCountry "CAN"]
[SourceTitle "EXT 2022"]
[Source "ChessBase"]
[SourceDate "2021.10.06"]
[SourceVersion "1"]
[SourceVersionDate "2021.10.06"]
[SourceQuality "1"]

1. e4 c5 2. Nf3 d6 3. d4 cxd4 4. Nxd4 Nf6 5. Nc3 a6 6. Be2 e6 7. O-O Be7 8. b4 b5 9. a4 e5 10. Nf5 Bxf5 11. exf5 Qc8 12. Nd5 Nxd5 13. Qxd5 Nd7 14. Qb3 bxa4 15. Rxa4 O-O 16. Be3 Qc6 17. b5 axb5 18. Bxb5 Qc7 19. Rxa8 Rxa8 20. Bc4 Rf8 21. Ra1 Nc5 22. Bxc5 dxc5 23. Bd5 Bf6 24. c4 h6 25. g3 e4 26. Rb1 Qe5 27. Qe3 Qxf5 28. Qxc5 Bg5 29. Rb7 1-0

[Event "Gatineau TORO U1900"]
[Site "Gatineau CAN"]
[Date "2013.06.09"]
[Round "5"]
[White "Tomalty, Alan"]
[Black "Scantland, Patrick"]
[Result "0-1"]
[WhiteElo "1691"]
[BlackElo "1863"]
[PlyCount "70"]
[GameId "2160767909347707"]
[EventDate "2013.06.07"]
[EventType "swiss"]
[EventRounds "5"]
[EventCountry "CAN"]
[SourceTitle "EXT 2022"]
[Source "ChessBase"]
[SourceDate "2021.10.06"]
[SourceVersion "1"]
[SourceVersionDate "2021.10.06"]
[SourceQuality "1"]

1. d4 Nf6 2. Nf3 g6 3. Nc3 d5 4. Bf4 Bg7 5. e3 c6 6. Bd3 O-O 7. O-O Nbd7 8. h3 Re8 9. Re1 Nh5 10. Bh2 e5 11. dxe5 Nxe5 12. Nxe5 Bxe5 13. Bxe5 Rxe5 14. Be2 Qh4 15. Bxh5 Rxh5 16. Qf3 Rg5 17. Kf1 Rf5 18. Qe2 Rf6 19. f3 Bf5 20. Rac1 Re8 21. Qf2 Qb4 22. Nd1 Qc4+ 23. Kg1 Qxa2 24. Qh4 Qa5 25. Nf2 Qd8 26. e4 dxe4 27. Rcd1 Rd6 28. Qf4 Rxd1 29. Rxd1 Qe7 30. fxe4 Bxe4 31. Re1 f5 32. c3 Qe5 33. Qg5 Kg7 34. g4 Qg3+ 35. Kf1 Bg2+ 0-1

[Event "Gatineau TORO U1900"]
[Site "Gatineau CAN"]
[Date "2013.06.09"]
[Round "5"]
[White "Villeneuve, Luc"]
[Black "Saha, Ananda"]
[Result "1/2-1/2"]
[WhiteElo "1670"]
[BlackElo "1735"]
[PlyCount "79"]
[GameId "2160767909347708"]
[EventDate "2013.06.07"]
[EventType "swiss"]
[EventRounds "5"]
[EventCountry "CAN"]
[SourceTitle "EXT 2022"]
[Source "ChessBase"]
[SourceDate "2021.10.06"]
[SourceVersion "1"]
[SourceVersionDate "2021.10.06"]
[SourceQuality "1"]

1. d4 d5 2. Nf3 Nf6 3. c4 e6 4. Nc3 Be7 5. Bf4 O-O 6. e3 b6 7. cxd5 exd5 8. Bd3 Bb7 9. Qc2 c5 10. O-O c4 11. Bf5 Nc6 12. a3 Na5 13. Nd2 Bd6 14. Bxd6 Qxd6 15. b4 cxb3 16. Nxb3 Nxb3 17. Qxb3 Bc8 18. Bd3 Ng4 19. g3 Qh6 20. h4 Nxe3 21. Rfe1 Nc4 22. Nxd5 Nd2 23. Qd1 Bb7 24. Ne7+ Kh8 25. d5 Rfe8 26. Ra2 Qf6 27. Rxd2 Rxe7 28. Rxe7 Qxe7 29. d6 Qd7 30. Qh5 g6 31. Qe5+ Kg8 32. Rc2 Re8 33. Rc7 Rxe5 34. Rxd7 Re1+ 35. Bf1 Ba6 36. Rxa7 Bxf1 37. d7 Bh3+ 38. Kh2 Bxd7 39. Rxd7 Ra1 40. Rb7 1/2-1/2

[Event "Gatineau TORO U1900"]
[Site "Gatineau CAN"]
[Date "2013.06.09"]
[Round "5"]
[White "Vlasenko, Konstantin"]
[Black "Sonn, Eric"]
[Result "1-0"]
[WhiteElo "1647"]
[BlackElo "1499"]
[PlyCount "85"]
[GameId "2160767909347709"]
[EventDate "2013.06.07"]
[EventType "swiss"]
[EventRounds "5"]
[EventCountry "CAN"]
[SourceTitle "EXT 2022"]
[Source "ChessBase"]
[SourceDate "2021.10.06"]
[SourceVersion "1"]
[SourceVersionDate "2021.10.06"]
[SourceQuality "1"]

1. d4 Nf6 2. c4 g6 3. Nc3 Bg7 4. Bg5 d5 5. cxd5 Nxd5 6. e4 Nxc3 7. bxc3 c5 8. Nf3 Nc6 9. Bb5 O-O 10. Bxc6 bxc6 11. O-O cxd4 12. cxd4 Bg4 13. Be3 e5 14. dxe5 Bxf3 15. Qxf3 Bxe5 16. Rfd1 Qa5 17. Bd4 Rac8 18. Bxe5 Qxe5 19. Rab1 Rfe8 20. Rd7 Re7 21. Rxe7 Qxe7 22. Qg4 Qe8 23. h3 c5 24. a4 c4 25. a5 c3 26. Qe2 Qa4 27. a6 c2 28. Rc1 Qb3 29. Qg4 Rd8 30. Kh2 Rd1 31. Qc8+ Kg7 32. Qxc2 Qb8+ 33. g3 Rxc1 34. Qxc1 Qb6 35. Qf1 Kf6 36. f4 Qd4 37. e5+ Ke6 38. Qe2 h5 39. Qa2+ Ke7 40. Qa3+ Ke6 41. Qb3+ Qd5 42. Qc2 Qf3 43. Qc8+ 1-0